| 000 | 00878nam a2200229 a 4500 | ||
|---|---|---|---|
| 003 | AM-YeHGA | ||
| 040 | _aAM-YeHGA | ||
| 090 | _c169972 | ||
| 001 | 000462271 | ||
| 005 | 20250618072519.0 | ||
| 008 | 051107s1922 ai r 000 0 arm d | ||
| 041 | 1 |
_aarm _hger |
|
| 100 | 1 |
_aՄարքս, Կարլ _94613 |
|
| 245 | 1 | 0 |
_aԿոմունիստական մանիֆեստ / _cԿ. Մարքս, Ֆ. Ենգելս; Թարգմ. բնագր.՝ Պ. Մակինցյան; ՀՍԽՀ. |
| 260 |
_aՅերեվան : _bՊետհրատ, _c1922. |
||
| 300 | _a60 էջ. | ||
| 650 | 1 | 4 |
_aԿոմունիստական գաղափարախոսություն _94588 |
| 653 | 0 | _aՄանիֆեստ - Կոմունիստական ինտերնացիոնալ | |
| 700 | 1 |
_aԵնգելս, Ֆրիդրիխ. _94854 |
|
| 700 | 1 |
_aՄակինցյան, Պողոս Մկրտչի, _d1884-1938 _eթարգմ. _4trl |
|
| 942 |
_2udc _cBK |
||
| 999 |
_c168540 _d168540 |
||